| 000 | 00000nam 2200000zi 4500 |
| 001 | 9.945456 |
| 003 | CaOODSP |
| 005 | 20241122153759 |
| 006 | m o d f |
| 007 | cr mn||||||||| |
| 008 | 241122t19921992oncad o f000 0|eng d |
| 020 | |z066220087X |
| 040 | |aCaOODSP|beng|erda|cCaOODSP |
| 043 | |an-cn--- |
| 086 | 1 |aCo22-121/1992E-PDF|zCo22-121/1992E |
| 245 | 00|aBuilding partnerships : |btelevision in transition. |
| 264 | 1|a[Ottawa] : |bCommunications Canada, |c[1992]. |
| 264 | 4|c©1992 |
| 300 | |a1 online resource (143 pages) : |billustrations, graphs |
| 336 | |atext|btxt|2rdacontent |
| 337 | |acomputer|bc|2rdamedia |
| 338 | |aonline resource|bcr|2rdacarrier |
| 500 | |aDigitized edition from print [produced by Innovation, Science and Economic Development Canada]. |
| 500 | |aIssued also in French under title: Partenaires pour le changement : la télévision en transition. |
| 500 | |a"Reports produced following the Television Industry Summit of December 1991." |
| 650 | 0|aTelevision broadcasting|zCanada. |
| 650 | 0|aTelecommunication|zCanada. |
| 710 | 1 |aCanada. |bCommunications Canada, |eissuing body. |
| 775 | 08|tPartenaires pour le changement : |w(CaOODSP)9.945460 |
| 776 | 0#|tBuilding partnerships: television in transition : |w(CaOODSP)9.644619 |
| 856 | 40|qPDF|s2.95 MB|uhttps://publications.gc.ca/collections/collection_2024/isde-ised/co22/Co22-121-1992-eng.pdf |